Como aproveitar ao máximo a era digital (Record no. 45175)
[ view plain ]
| 000 -Etiqueta do registo | |
|---|---|
| Valores | 00862nam a2200265 4500 |
| 010 ## - Número ISBN | |
| ISBN | 9789896686321 |
| 021 ## - Número do Depósito Legal | |
| Número | 460519/19 |
| 100 ## - Dados gerais de processamento | |
| Dados gerais | 20200608d2019 m y0pory50030103ba |
| 101 1# - Língua de publicação | |
| Língua | por |
| 102 ## - País de publicação | |
| País | PT |
| 200 1# - Titulo e menção de responsabilidade | |
| Título próprio | Como aproveitar ao máximo a era digital |
| Primeira menção de responsabilidade | Tom Chatfield |
| Outras menções de responsabilidade | trad. João Henriques |
| 210 #9 - Publicação | |
| Local de publicação | Alfragide |
| Nome do editor | Lua de Papel, |
| -- | dist. Expresso |
| Data de publicação | 2019 |
| 215 ## - Descrição física | |
| Paginação / Volumes | 175, [9] p. |
| Dimensões | 19 cm |
| 225 ## - Colecção | |
| Título próprio da colecção | The School of Life |
| 304 ## - Nota relativa ao título | |
| Texto de nota | Tít. orig.: How to thrive in the digital age |
| 305 ## - Nota relativa à edição da publicação | |
| Texto da nota | Ed. especial: The School of Life / Expresso |
| 675 ## - CDU | |
| Notação | 004.73 |
| Edição | BN |
| Língua | por |
| 675 ## - CDU | |
| Notação | 316.77 |
| Edição | BN |
| Língua | por |
| 700 #1 - Autor principal | |
| Apelido | Chatfield, |
| Nome | Tom |
| 702 #1 - Autor secundário | |
| ID Autoridade | 3 |
| Apelido | Henriques, |
| Nome | João |
| Função | 730 |
| 801 #0 - Fonte de origem | |
| País | PT |
| Agência | BN |
| Regras de catalogação | RPC |
| 856 41 - Localização e acesso electrónico | |
| URL | <a href="http://rnod.bnportugal.gov.pt/ImagesBN/winlibimg.aspx?skey=&doc=2047397&img=139688&save=true">http://rnod.bnportugal.gov.pt/ImagesBN/winlibimg.aspx?skey=&doc=2047397&img=139688&save=true</a> |
| 990 ## - Elementos KOHA | |
| Tipo de documento | Livro |
| Aquisição | Empréstimo | Código de barras | Cota | Permissão de empréstimo | Tipo de documento |
|---|---|---|---|---|---|
| Biblioteca Municipal de Redondo | Biblioteca Municipal de Redondo | 055872 | 004.73 CHA | Livro |